LEADER 00888cam0-22003011i-450- 001 990006824790403321 005 20060921095339.0 035 $a000682479 035 $aFED01000682479 035 $a(Aleph)000682479FED01 035 $a000682479 100 $a20010426d1996----km-y0itay50------ba 101 0 $aita 102 $aIT 105 $ay-------001yy 200 1 $a<>transizione continua$el'Europa centro-orientale tra rinnovamento e conservazione (1989-1994)$fFrancesco Privitera 210 $aRavenna$cLongo$d1996 215 $a144 p.$d24 cm 225 1 $aEurope and the Balkans international network$v3 676 $a949 700 1$aPrevitera,$bFrancesco$0411330 801 0$aIT$bUNINA$gRICA$2UNIMARC 901 $aBK 912 $a990006824790403321 952 $aXIV B 1505$b27953$fFSPBC 959 $aFSPBC 996 $aTransizione continua$9634090 997 $aUNINA LEADER 02673oas 2200925 a 450 001 9910375864003321 005 20260127110033.0 011 $a1558-1195 035 $a(DE-599)ZDB2006423-8 035 $a(OCoLC)40522698 035 $a(CONSER)sn 98034788 035 $a(CKB)958480270964 035 $a(DE-599)2006423-8 035 $a(EXLCZ)99958480270964 100 $a19981219a19919999 sy a 101 0 $aeng 135 $aurcnu|||||||| 181 $ctxt$2rdacontent 182 $cc$2rdamedia 183 $acr$2rdacarrier 200 10$aACM transactions on modeling and computer simulation $ea publication of the Association for Computing Machinery 210 $aNew York, NY $cThe Association$dİ1991- 225 1 $aACM series on computing methodologies 300 $aRefereed/Peer-reviewed 300 $aTitle from title screen (viewed Dec. 14, 1998). 311 08$a1049-3301 410 0$aACM series on computing methodologies. 517 3 $aTransactions on modeling and computer simulation 517 1 $aTOMACS 531 0 $aACM trans. model. comput.r simul. 606 $aComputer simulation$vPeriodicals 606 $aMathematical models$vPeriodicals 606 $aSimulation par ordinateur$vPe?riodiques 606 $aMode?les mathe?matiques$vPe?riodiques 606 $aComputer simulation$2fast$3(OCoLC)fst00872518 606 $aMathematical models$2fast$3(OCoLC)fst01012085 606 $aComputersimulaties$2gtt 606 $aComputermodellen$2gtt 608 $aperiodicals.$2aat 608 $aPeriodicals.$2fast 608 $aPeriodicals.$2lcgft 608 $aPe?riodiques.$2rvmgf 615 0$aComputer simulation 615 0$aMathematical models 615 6$aSimulation par ordinateur 615 6$aMode?les mathe?matiques 615 7$aComputer simulation. 615 7$aMathematical models. 615 17$aComputersimulaties. 615 17$aComputermodellen. 676 $a006.6 712 02$aAssociation for Computing Machinery 801 0$bIUL 801 1$bIUL 801 2$bOCLCQ 801 2$bOCLCS 801 2$bOCLCQ 801 2$bNSD 801 2$bOCLCQ 801 2$bOCLCE 801 2$bOCLCQ 801 2$bOCLCO 801 2$bOCLCQ 801 2$bOCLCA 801 2$bOCLCF 801 2$bOCLCO 801 2$bOCLCQ 801 2$bAU@ 801 2$bOCLCO 801 2$bOCLCQ 801 2$bCNKUC 801 2$bWAU 801 2$bOCLCL 801 2$bUEJ 801 2$bNBS 801 2$bOCLCQ 906 $aJOURNAL 912 $a9910375864003321 996 $aACM transactions on modeling and computer simulation$9103144 997 $aUNINA